000 00321nam a2200121Ia 4500
008 220216s9999 xx 000 0 und d
100 _aSpetz Goran
245 0 _aDevelopments in low temperature testing of rubber materials
260 _bNatural Rubber
_c2001
300 _a7-Mar
650 _aRubber testing
942 _cJS
999 _c57100
_d57100